| 000 | 00523nam a22001577a 4500 | ||
|---|---|---|---|
| 999 |
_c129846 _d129846 |
||
| 008 | 190919b ||||| |||| 00| 0 eng d | ||
| 050 | _aSPC. DT1.T5 C559 | ||
| 100 |
_aChukwu, Chidube Joseph _948163 |
||
| 245 |
_aConfronting skeptical challenges arising from the human embryo research debates _cChidube Joseph Chukwu |
||
| 260 |
_aHarare _bArrupe College _c2013 |
||
| 300 |
_aiii, 130p. ; _c31cm. |
||
| 500 | _aThesis | ||
| 650 |
_aBioethics _935648 |
||
| 650 |
_aEmbryology _xEthical aspects _948164 |
||
| 942 |
_2lcc _cSPC |
||